000 00653nam a2200217Ia 4500
005 20250508161522.0
008 008 250505s9999 xx 000 0 eng d
037 _aTextual
040 _aFEDL
_beng
_cFEDL
041 _aeng
_2eng
084 _a373, CIE
_qFEDL
100 _aVeda Prakash
245 0 _aSelection of children for secondary technical education at eleven plus
245 0 _cC I E
260 _aDelhi, India
_bCentral Institute of Education
_c1956
300 _a27p
490 _aC I E studies in education and psychology, 6
650 _aSecondary education
942 _cTEXL
_h373, CIE
999 _c1370487
_d1370487